00558nam a2200145Ia 4500008004100000024003200041082001800073100003700091245006900128260002500197600003200222650003300254952010800287999001700395250506s9999 xx 000 0 und d a95A-042-CS & 95A-023-CS a658.16072 HAM aAsif Hameed & Ayesha Sultan Azam 0aData Acquisition System (On-Line Billing and Account Management) aKarachi:bUIT,c1995 aComputer System Engineering aBachelor of Engineering (BE) 001040708PR-CEaUITUbUITUd2022-07-26l0o658.16072 HAMpCE-01r2025-05-06 11:34:07w2025-05-06yPR c27660d27660